| 000 | 00971nam a2200265Ia 4500 | ||
|---|---|---|---|
| 003 | IN-BaIIA | ||
| 008 | 211028s9999 xx 000 0 eng d | ||
| 020 | _a3-540-51416-3 | ||
| 040 | _cIIA Library | ||
| 245 | 0 |
_aAstronomy and Astrophysics Abstracts _bvol. 47/48, author & Object Indexes to Volumes 37-46, Literature 1984-88 _cedited by U. Esser…[et al.] |
|
| 260 |
_aBerlin _bSpringer-Verlag _c1989 |
||
| 300 | _a1498p. | ||
| 650 |
_aAbstracts-Astronomy and Astrophysics _96051 |
||
| 650 |
_aAstronomy and Astrophysics Abstracts _96052 |
||
| 650 | _aAstronomy and Astrophysics Thesaurus | ||
| 700 |
_aEsser, U., ed. _915486 |
||
| 700 |
_aHefele, H., ed. _912355 |
||
| 700 |
_aHeinrich, I., ed. _912356 |
||
| 700 |
_aHofmann, W., ed. _912357 |
||
| 700 |
_aKrahn, D., ed. _96056 |
||
| 700 |
_aMatas, V. R., ed. _915488 |
||
| 700 |
_aSchmadel, L. D., ed. _915489 |
||
| 700 |
_aZech, G., ed. _916352 |
||
| 942 | _cBK | ||
| 999 |
_c9684 _d9684 |
||